English File: Upper-Intermediate Teacher's Guide with Teacher's Resource Centre - 4th Edition /

Salvato in:
Dettagli Bibliografici
Autori principali: Koenig-Latham, Christina (Autore), Oxenden, Clive (Autore), Chomacki, Kate (Autore), Lowy, Anna (Autore), Mabbott, Krysia (Autore)
Natura: Libro
Lingua:inglese
Pubblicazione: Oxford: Oxford University Press, 2023
Edizione:4. vyd.
Soggetti:
Tags: Aggiungi Tag
Nessun Tag, puoi essere il primo ad aggiungerne!!

MARC

LEADER 00000nam a22000003a 4500
001 0104443
003 SK-STU
005 20230907140907.4
007 ta
008 230907s ----xo-----e------000-0-----d
020 |a 978-0-19-403975-8 
040 |a STU  |b slo 
041 0 |a eng  |h eng 
044 |a xxk 
100 1 |a Koenig-Latham, Christina  |4 aut 
245 1 0 |a English File:  |b Upper-Intermediate Teacher's Guide with Teacher's Resource Centre - 4th Edition /  |c aut. Christina Koenig-Latham, Clive Oxenden, Kate Chomacki, Anna Lowy, Krysia Mabbott 
250 |a 4. vyd. 
260 |a Oxford:  |b Oxford University Press,  |c 2023 
300 |a 230 s. 
650 0 7 |a English language 
700 1 |a Oxenden, Clive  |4 aut 
700 1 |a Chomacki, Kate  |4 aut 
700 1 |a Lowy, Anna  |4 aut 
700 1 |a Mabbott, Krysia  |4 aut 
996 |c V* 53542/O-24702  |l VV19  |s P  |a 0  |w 0104443_0001